000
00247nam a2200097Ia 4500
001
1223716
005
20250827092912.0
008
250824s9999 xx 000 0 und d
245
0
_a
ELVEDA GÜZEL VATANIM
_c
AHMET ÜMİT
260
_b
EVEREST YAYINLARI
999
_c
1223716
_d
1223716